| 000 | 00341nam a22001337a 4500 | ||
|---|---|---|---|
| 008 | 170621b xxu||||| |||| 00| 0 eng d | ||
| 020 | _a9780534230401 | ||
| 041 | _aeng | ||
| 080 |
_23RD _a32 |
||
| 100 | _a20 | ||
| 101 | _aSHP | ||
| 245 |
_aCAMELOT: A ROLE PLAYING SIMULATION FOR POLITICAL DECISION MAKING _cWOODWORTH,J.R |
||
| 942 |
_2udc _cBK |
||
| 999 |
_c18545 _d18545 |
||